Poor PR hampers big developments (Record no. 71015)

MARC details
000 -LEADER
fixed length control field 00911cam a2200193 4500
001 - CONTROL NUMBER
control field WB3831-14
008 - FIXED-LENGTH DATA ELEMENTS--GENERAL INFORMATION
fixed length control field 020828n2002 000 0 eng u
035 ## - SYSTEM CONTROL NUMBER
System control number (Sirsi) u119443
245 ## - TITLE STATEMENT
Title Poor PR hampers big developments
260 ## - PUBLICATION, DISTRIBUTION, ETC.
Date of publication, distribution, etc. 2002
490 ## - SERIES STATEMENT
Series statement GCI UK Press Release
Volume/sequential designation August 2002, (2)
520 ## - SUMMARY, ETC.
Summary, etc. Research by public affairs consultancy GCI London reveals that poor communication strategies are hampering the success of major development and infrastructure proposals. GCI's survey found that 90% of respondents believe that good communications are a crucial part of the development proposal, but 48% feel that communication strategies are poorly planned and unstructured. www.gciuk.com/newsitem.asp?articleID=30
590 ## - LOCAL NOTE (RLIN)
Local note WB
650 ## - SUBJECT ADDED ENTRY--TOPICAL TERM
Topical term or geographic name entry element COMMUNICATION
650 ## - SUBJECT ADDED ENTRY--TOPICAL TERM
Topical term or geographic name entry element INFRASTRUCTURE PROJECTS
650 ## - SUBJECT ADDED ENTRY--TOPICAL TERM
Topical term or geographic name entry element DEVELOPMENT PROPOSALS
690 ## - LOCAL SUBJECT ADDED ENTRY--TOPICAL TERM (OCLC, RLIN)
Topical term or geographic name as entry element PROPERTY-PROPERTY DEVELOPMENT
942 ## - ADDED ENTRY ELEMENTS (KOHA)
Suppress in OPAC 0
Holdings
Withdrawn status Lost status Source of classification or shelving scheme Damaged status Not for loan Home library Current library Shelving location Date acquired Total Checkouts Full call number Barcode Date last seen Copy number Price effective from Koha item type
    Dewey Decimal Classification     London London News article 28/08/2002   WB3831-14 119443-1001 06/08/2019 1 06/08/2019 News article